00434nam a2200157Ia 450000500170000000800410001702000150005808200210007310000140009424500530010826000560016130000150021765000110023265000200024365000130026320250120003013.0240331s9999 xx 000 0 und d a0710204558 bDUC23722a305.4 aDuchen, C 0aFeminism in France:bFrom May '68 to Mitterrand  aLondonaNew YorkbRoutledge & Kegan Paul Inc.c1986 ax, 165 p., aFrance aFeminist Theory aPolitics